| 000 | 00916nam a22002535a 4500 | ||
|---|---|---|---|
| 003 | OSt | ||
| 005 | 20161120160343.0 | ||
| 008 | 161120s2016 ua frb 000 0 ara d | ||
| 015 | _a2015/27115 | ||
| 020 | _a9789770479889 | ||
| 040 |
_aEG-ScBUE _bara _cEG-ScBUE |
||
| 082 | 0 | 4 |
_a343.097 _bف و ز _222 |
| 100 | 1 |
_aفوزي، محمد. _913632 |
|
| 245 | 1 | 0 |
_aتأجير استغلال الطائرات / _cمحمد فوزي. |
| 260 |
_aالقاهرة : _bدار النهضة العربية، _c2016. |
||
| 300 |
_a350 ص. ؛ _c24 سم. |
||
| 502 | _6أطروحة (دكتوراه) - جامعة القاهرة. كلية الحقوق. قسم القانون التجارى. | ||
| 504 | _aيشتمل على إرجاعات ببليوجرافية. | ||
| 650 | 7 |
_aالقانون الجوي. _2BUEsh |
|
| 650 | 7 |
_aالتأمين الجوى. _2BUEsh |
|
| 651 | _2BUEsh | ||
| 653 |
_bLLAAWW _cNovember2016 |
||
| 942 | _2ddc | ||
| 999 |
_c23215 _d23187 |
||